000 00524nam a2200181Ia 4500
005 20250508162004.0
008 008 250505s9999 xx 000 0 eng d
037 _aBooks to be hide in OPAC
040 _aFEDL
_beng
_cFEDL
041 _aeng
_2eng
084 _a371.26, DRE/O
_qFEDL
100 _aDressel Paul L
245 0 _aHandbook of academic evaluation
260 _aSan Francisco
_bJossey- Bass Publishers
_c1976
300 _axviii,518p.
942 _cHB
_h371.26, DRE/O
999 _c1373678
_d1373678